All 5-Letter Words Starting with “T” - Statistics

General Stats
  • This quiz has been taken 684 times
    507 since last reset
  • The average score is 201 of 607
Answer Stats
Word % Correct
think
82%
times
82%
tears
81%
there
81%
track
81%
train
81%
tacks
80%
trick
80%
traps
79%
takes
78%
tells
78%
ticks
78%
tolls
78%
trips
78%
table
77%
tails
77%
tales
77%
tapes
77%
tames
76%
teams
76%
treat
76%
tower
75%
thank
74%
their
74%
timer
74%
tones
74%
taste
73%
these
73%
thing
73%
timed
73%
tanks
72%
taper
72%
tiles
72%
tills
72%
trade
72%
trail
72%
truck
72%
those
71%
trees
71%
trust
71%
talks
70%
talls
70%
teals
70%
teens
70%
tools
70%
turns
70%
taped
69%
trams
69%
tarts
68%
tents
68%
throw
68%
tired
68%
taker
67%
tests
67%
tires
67%
tocks
67%
trace
67%
tried
67%
tucks
67%
tacky
66%
three
66%
toner
66%
troll
66%
trump
66%
tunes
66%
tamed
65%
tease
65%
toast
65%
tramp
65%
trims
65%
troop
65%
trunk
65%
twins
65%
tabby
64%
taken
64%
tamer
64%
toils
64%
toned
64%
towns
64%
tally
63%
teeth
63%
tiger
63%
tiled
63%
token
63%
tombs
63%
tooth
63%
toots
63%
towel
63%
teats
61%
thins
61%
tours
61%
trill
61%
taxes
60%
teach
60%
temps
60%
tides
60%
touch
60%
tries
60%
tares
59%
tiler
59%
tints
59%
toads
59%
tomes
59%
tongs
59%
trays
59%
trial
59%
tummy
59%
tuner
59%
twist
59%
types
59%
taffy
58%
tends
58%
tines
58%
tripe
58%
trove
58%
tuned
58%
taser
57%
thumb
57%
totes
57%
tasks
56%
taxed
56%
tough
56%
trait
56%
trope
56%
trout
56%
trues
56%
tubes
56%
t****
55%
taint
55%
tangs
55%
tasty
55%
teddy
55%
telly
55%
terms
55%
testy
55%
theme
55%
thick
55%
tight
55%
toons
55%
touts
55%
truth
55%
tarry
54%
thong
54%
threw
54%
tilts
54%
towed
54%
tarps
53%
teaks
53%
teary
53%
torts
53%
total
53%
trash
53%
tuber
53%
turks
53%
twine
53%
typed
53%
tamps
52%
teems
52%
thaws
52%
tommy
52%
torch
52%
trans
52%
treks
52%
trend
52%
tweet
52%
techs
51%
tense
51%
thorn
51%
truer
51%
taxer
50%
taxis
50%
thine
50%
topes
50%
tread
50%
tardy
49%
tarns
49%
tippy
49%
tangy
48%
tarty
48%
tinny
48%
title
48%
trier
48%
tubby
48%
tusks
48%
twits
48%
t****
47%
tacos
47%
third
47%
thunk
47%
tiers
47%
tiffs
47%
toper
47%
tribe
47%
trots
47%
tyres
47%
taber
46%
terse
46%
thugs
46%
tikes
46%
togas
46%
tokes
46%
toxic
46%
tubed
46%
tufts
46%
tarot
45%
terns
45%
thump
45%
toddy
45%
toles
45%
trite
45%
twink
45%
tatty
44%
tepid
44%
terry
44%
tined
44%
tings
44%
topic
44%
tores
44%
tunas
44%
tabes
43%
talky
43%
talon
43%
taunt
43%
teeny
43%
trads
43%
triad
43%
truce
43%
typos
43%
tango
42%
tater
42%
toker
42%
toter
42%
towny
42%
trawl
42%
tryst
42%
twice
42%
talcs
41%
tempo
41%
today
41%
torte
41%
toted
41%
toyed
41%
trice
41%
trigs
41%
trike
41%
tubas
41%
tween
41%
twill
41%
taboo
40%
taler
40%
tared
40%
thief
40%
thyme
40%
toady
40%
toped
40%
tweed
40%
tauts
39%
tawny
39%
throb
39%
treed
39%
truss
39%
tacit
38%
tammy
38%
tased
38%
tates
38%
teles
38%
texts
38%
thigh
38%
tinge
38%
tress
38%
trows
38%
trued
38%
tuffs
38%
tulip
38%
turfs
38%
twigs
38%
tipsy
37%
trank
37%
tutor
37%
tapas
36%
tenor
36%
timid
36%
trine
36%
tweak
36%
twirl
36%
tykes
36%
tacts
34%
tases
34%
tenet
34%
thang
34%
thuds
34%
tidal
34%
tided
34%
toffs
34%
toffy
34%
tonal
34%
torso
34%
totem
34%
totty
34%
trios
34%
toyer
33%
tumor
33%
tushy
33%
tapir
32%
techy
32%
tempt
32%
thane
32%
toked
32%
tonic
32%
toxin
32%
tulle
32%
twerk
32%
taupe
31%
thous
31%
tonne
31%
trave
31%
troys
31%
teels
30%
tizzy
30%
tungs
30%
tepee
29%
topaz
29%
trock
29%
trugs
29%
tabor
28%
tains
28%
thens
28%
tiara
28%
toled
28%
toras
28%
toros
28%
tract
28%
trogs
28%
tromp
28%
tutty
28%
twang
28%
taros
27%
tenth
27%
therm
27%
titan
27%
tithe
27%
tofus
27%
tonga
27%
treys
27%
trone
27%
terra
26%
tibia
26%
tunic
26%
turps
26%
taces
25%
truly
25%
tutus
25%
texas
24%
theft
24%
torah
24%
tranq
24%
trews
24%
tache
23%
tenty
23%
titch
23%
tunny
23%
twerp
23%
tyred
23%
tilde
22%
titer
22%
twain
22%
tachs
21%
tenny
21%
toque
21%
treen
21%
trode
21%
tufty
21%
turbo
21%
tusky
21%
tuxes
21%
tabus
20%
talas
20%
toney
20%
torta
20%
tetra
19%
thrum
19%
touse
19%
tumps
19%
tweer
19%
tying
19%
tasse
18%
tench
18%
theta
18%
topos
18%
torse
18%
trass
18%
troke
18%
thack
17%
throe
17%
trems
17%
trull
17%
tabla
16%
telos
16%
thrip
16%
torus
16%
tubal
16%
tanga
15%
tawer
15%
teffs
15%
tempi
15%
testa
15%
toits
15%
troth
15%
turfy
15%
tweep
15%
tyros
15%
talus
14%
taxon
14%
tikis
14%
toile
14%
tules
14%
tacet
13%
takas
13%
tapis
13%
targe
13%
telex
13%
terne
13%
thorp
13%
tolas
13%
tophs
13%
torcs
13%
twiny
13%
taroc
12%
tarok
12%
tawed
12%
thill
12%
tolar
12%
toric
12%
torrs
12%
torsi
12%
trets
12%
tsars
12%
tynes
12%
tzars
12%
tabid
11%
taiga
11%
talcy
11%
tamal
11%
tarre
11%
tatar
11%
teres
11%
tesla
11%
thews
11%
thraw
11%
tofts
11%
topis
11%
trois
11%
twixt
11%
tamis
10%
tanka
10%
tasso
10%
teins
10%
tenon
10%
tiros
10%
traik
10%
tutti
10%
typic
10%
tabun
9%
tansy
9%
tarsi
9%
tenge
9%
tenne
9%
tenno
9%
thebe
9%
thoro
9%
tikka
9%
tipis
9%
titre
9%
tondo
9%
topee
9%
tophe
9%
tophi
9%
torsk
9%
trapt
9%
triol
9%
typey
9%
tanto
8%
tendu
8%
thein
8%
thesp
8%
tolan
8%
tolts
8%
tyers
8%
takin
7%
talar
7%
targa
7%
tepas
7%
tetri
7%
thiol
7%
titis
7%
tonus
7%
tragi
7%
triac
7%
trigo
7%
trona
7%
twirp
7%
taels
6%
tardo
6%
taxus
6%
telia
6%
telic
6%
tenia
6%
teths
6%
tewed
6%
tharm
6%
thole
6%
tians
6%
tocos
6%
tolus
6%
toman
6%
topoi
6%
torot
6%
tuile
6%
turrs
6%
tyned
6%
tacan
5%
taiko
5%
tegus
5%
terce
5%
thirl
5%
thurl
5%
tirls
5%
tizes
5%
tondi
5%
toyos
5%
tubae
5%
tuque
5%
tauon
4%
tawse
4%
taxol
4%
tepal
4%
torii
4%
typal
4%
tajes
3%
taluk
3%
tazza
3%
tazze
3%
telae
3%
telco
3%
teloi
3%
terga
3%
teuch
3%
thewy
3%
tical
3%
tigon
3%
tinea
3%
togae
3%
tokay
3%
towie
3%
treyf
3%
troak
3%
trooz
3%
tulsi
3%
tutee
3%
twier
3%
tafia
2%
tecta
2%
teggs
2%
terai
2%
teugh
2%
thali
2%
thymi
2%
thymy
2%
tilth
2%
tinct
2%
togue
2%
trayf
2%
tsked
2%
tumid
2%
tahrs
1%
tawie
1%
tayra
1%
tegua
1%
teiid
1%
tepoy
1%
theca
1%
thegn
1%
thuja
1%
tilak
1%
tosas
1%
trefa
1%
tufas
1%
twyer
1%
tythe
1%
teind
0%
thuya
0%
tiyin
0%
tiyns
0%
toeas
0%
tolyl
0%
toyon
0%
tryma
0%
tsade
0%
tsadi
0%
tsuba
0%
tsubo
0%
tupik
0%
tuyer
0%
twaes
0%
tyees
0%
tyiyn
0%
typps
0%
No matching quizzes found
Score Distribution
Percent of People with Each Score
Percentile by Number Answered
Your Score History
You have not taken this quiz since the last reset